Electrical Engineering materials (Record no. 4463)

MARC details
000 -LEADER
fixed length control field 00411nam a22001697a 4500
005 - DATE AND TIME OF LATEST TRANSACTION
control field 20160628143803.0
008 - FIXED-LENGTH DATA ELEMENTS--GENERAL INFORMATION
fixed length control field 160628b xxu||||| |||| 00| 0 eng d
020 ## - INTERNATIONAL STANDARD BOOK NUMBER
ISBN 81-88458-48-1
041 ## - LANGUAGE CODE
Language code of text/sound track or separate title eng
082 ## - DEWEY DECIMAL CLASSIFICATION NUMBER
Item number 11337
100 ## - MAIN ENTRY--AUTHOR NAME
Personal name Dogra, Dr. Rakesh
245 ## - TITLE STATEMENT
Title Electrical Engineering materials
260 ## - PUBLICATION, DISTRIBUTION, ETC. (IMPRINT)
Name of publisher Katson Books
Year of publication 2012
300 ## - PHYSICAL DESCRIPTION
Number of Pages 334
650 ## - SUBJECT ADDED ENTRY--TOPICAL TERM
Topical Term Diploma Engineering
942 ## - ADDED ENTRY ELEMENTS (KOHA)
Koha item type Books
Holdings
Lost status Damaged status Home library Current library Shelving location Date acquired Cost, normal purchase price Full call number Accession Number Koha item type Collection code
    JRU Library   SHELF-36-L 28/06/2016 185.00 11337 11337 Books  
    JRU Library   SHELF-88-H 28/06/2016 185.00 11337 11338 Books  
    JRU Library   SHELF-36-L 28/06/2016 185.00 11337 11339 Books  
    JRU Library   SHELF-36-L 28/06/2016 185.00 11337 11340 Books  
    JRU Library   SHELF-36-L 28/06/2016 185.00 11337 11341 Books  
    JRU Library   SHELF-36-L 28/06/2016 185.00 11337 11342 Books  
    JRU Library   SHELF-36-L 28/06/2016 185.00 11337 11343 Books  
    JRU Library   SHELF-36-L 28/06/2016 185.00 11337 11344 Books  
    JRU Library   SHELF-36-L 28/06/2016 185.00 11337 11345 Books  
    JRU Library   SHELF-36-L 28/06/2016 185.00 11337 11346 Books  
    JRU Library   SHELF-36-L 28/06/2016 185.00 11337 11347 Books  
    JRU Library   SHELF-36-L 28/06/2016 185.00 11337 11348 Books  
    JRU Library   SHELF-36-L 28/06/2016 185.00 11337 11349 Books  
    JRU Library   SHELF -72- G 28/06/2016 185.00   11350 Books Reference
    JRU Library   SHELF-36-L 28/06/2016 185.00 11337 11351 Books  
    JRU Library   SHELF-36-L 28/06/2016 185.00 11337 11352 Books  
    JRU Library   SHELF-36-L 28/06/2016 185.00 11337 11353 Books  
    JRU Library   SHELF-36-L 28/06/2016 185.00 11337 11354 Books  
    JRU Library     28/06/2016 185.00 11337 11355 Books